Des Pierre, des chiffres et des lettres (click quiz) - Statistiques

Statistiques générales
  • Ce quiz a été pris 33 fois
  • Le résultat moyen est 5 sur 9
Statistiques - réponses
Hint Réponse % Correct
Proges D
83%
Tini 100
69%
Erégovoy B
62%
Maere 2
55%
Rret P
55%
Bélard A
45%
Rie Q
41%
R
34%
Gros 3
21%
Aucun quiz correspondant
Distribution des résultats
% des personnes avec chaque résultat
Percentile par nombre de réponses
Votre historique - résultats
Vous n’avez pas pris ce quiz